Loading...
| Fine Arts - Other | 0 | 1 | 0 | 0 | 10 | 118 | 118.00 | 0 | 0 | 9.23 | 15.71 |
| Fine Arts - Other | 0 | 1 | 0 | 0 | 10 | 118 | 118.00 | 0 | 0 | 9.92 | 50.00 |
| Fine Arts - Visual | 0 | 1 | 0 | 0 | 10 | 67 | 67.00 | 0 | 1 | 23.85 | 51.24 |
| Fine Arts - Visual | 0 | 1 | 0 | 0 | 10 | 67 | 67.00 | 0 | 1 | 50.37 | 90.00 |
| History - Other | 0 | 1 | 0 | 0 | 10 | 61 | 61.00 | 1 | 1 | 30.47 | 49.12 |
| History - Other | 0 | 1 | 0 | 0 | 10 | 61 | 61.00 | 1 | 1 | 52.71 | 100.00 |
| Philosophy | 0 | 1 | 0 | 0 | 10 | 60 | 60.00 | 0 | 1 | 24.52 | 42.31 |
| Philosophy | 0 | 1 | 0 | 0 | 10 | 60 | 60.00 | 0 | 1 | 49.15 | 80.00 |
| Social Science | 0 | 0 | 0 | 0 | 0 | 0.00 | 0 | 0 | 0.00 | 0.00 | |
| Social Science | 0 | 0 | 0 | 0 | 0 | 0.00 | 0 | 0 | 5.89 | 18.21 |